000 00457nam a2200145Ia 4500
008 090122s9999 xx 000 0 und d
082 _b5365
_a891.463
100 _aखांडेकर
_bवि
_c
245 _aनिवडक कोल्हटकर
600 _aखांडेकर
630 _aनिवडक कोल्हटकर
700 _aखांडेकर
730 _aनिवडक कोल्हटकर
942 _cBOOK
999 _c29443
_d29443